000 00524nam a2200169Ia 4500
008 090201s9999 xx 000 0 und d
010 _aKPL-43196
040 _bमराठी
041 _aमराठी
082 _a25375
_b43196
100 _aप्रतिभा रायकर
245 _aविस्मृती
_cप्रतिभा रायकर
260 _c2004
_bप्रिया प्रकाशन
300 _a204
_bमोठा
600 _aविस्मृती
942 _cBOOK
999 _c224599
_d224599